| 000 | 00983nam a2200265Ia 4500 | ||
|---|---|---|---|
| 003 | OSt | ||
| 005 | 20221005110753.0 | ||
| 006 | a|||||r|||| 00| 0 | ||
| 007 | ta | ||
| 008 | 221004b |||||||| |||| 00| 0 hin d | ||
| 020 |
_a9788126724857 (hbk) _c350 |
||
| 024 | _a20824 | ||
| 037 |
_bBR8455, 23/03/2015, Rajkamal Prakashan Pvt. Ltd. _cTextual |
||
| 040 |
_aCRL _cCRL _bhin |
||
| 041 |
_2hin _ahin |
||
| 082 | _aO152,1N08:g, Q3 | ||
| 100 | _aनवल, नंदकिशोर | ||
| 245 | 0 |
_aदिनकर _b अर्धनारीश्वर कवि |
|
| 246 | _aDinakara: ardhanārīshvar kavi | ||
| 260 |
_aनई दिल्ली _bराजकमल प्रकाशन भारत _c2013 |
||
| 300 |
_a179पृ0 _ccm. |
||
| 650 | _aहिन्दी साहित्य | ||
| 942 |
_hO152,1N08:g, Q3 _cTEXL _2cc |
||
| 999 |
_c1019831 _d1019831 |
||